000 00268nam a22001217a 4500
020 _a0-7214-1174-6
082 _a823
_bSOU/T
100 _aSOUTHGATE, VERA
245 _aTHE THREE LITTLE PIGS
260 _aUK
_bLADYBIRD
650 _aENGLISH SHORT STORY
_zUK
942 _cBK
999 _c3966
_d3966